| 000 -LEADER |
| fixed length control field |
00496nam a22001817a 4500 |
| 008 - FIXED-LENGTH DATA ELEMENTS--GENERAL INFORMATION |
| fixed length control field |
131029b xxu||||| |||| 00| 0 eng d |
| 041 0# - LANGUAGE CODE |
| Language code of text/sound track or separate title |
eng |
| 080 ## - UNIVERSAL DECIMAL CLASSIFICATION NUMBER |
| Universal Decimal Classification number |
327.39.002 |
| 100 1# - Rafti |
| Rafti |
Kohn, Hans |
| 245 ## - TITLE STATEMENT |
| Title |
Nationalism and Realism: 1852-1879 / |
| Statement of responsibility, etc |
Hans Kohn |
| 260 ## - |
| -- |
Canada : |
| -- |
D. Van Nostrand ; |
| -- |
1968. |
| 300 ## - |
| -- |
191 f. : |
| -- |
19 cm. |
| 490 ## - |
| -- |
An Anvil Original |
| -- |
II |
| 500 ## - |
| -- |
Preface : f. 3-4 |
| 650 #0 - |
| -- |
Nacionalizmi |
| 650 #0 - |
| -- |
Marrëdhënie ndërkombëtare |
| 942 ## - ADDED ENTRY ELEMENTS (KOHA) |
| Source of classification or shelving scheme |
|
| Item type |
Books |